Классики физической науки. С древнейших времен до начала XX века

Bibliografski detalji
Glavni autor: Голин Г. М. Генрих Моисеевич
Daljnji autori: Филонович С. Р. Сергей Ростиславович
Jezik:ruski
Izdano: Москва, Высшая школа, 1989
Teme:
Format: Knjiga
KOHA link:https://koha.lib.tpu.ru/cgi-bin/koha/opac-detail.pl?biblionumber=32834

MARC

LEADER 00000nam0a2200000 4500
001 32834
005 20231101210122.0
010 |a 5060000583 
035 |a (RuTPU)RU\TPU\book\33137 
035 |a BOOK00001226 
090 |a 32834 
100 |a 20011210d1989 km y0rusy50 ca 
101 0 |a rus 
102 |a RU 
105 |a а z 001zd 
200 1 |a Классики физической науки. С древнейших времен до начала XX века  |f Г. М. Голин, С. Р. Филонович 
210 |a Москва  |c Высшая школа  |d 1989 
215 |a 572 с.  |c ил. 
320 |a Библиогр.: с. 567. 
320 |a Библиогр. в конце работ. 
320 |a Имен. указ.: с. 575. 
600 1 |a Авогадро  |b А.  |c итальянский физик  |c химик  |f 1776-1856  |g Амедео  |2 stltpush  |3 (RuTPU)RU\TPU\pers\13269  |9 3942 
600 1 |a Вольта  |g Алессандро  |b А.  |f 1745-1827  |c итальянский физик и физиолог  |c один из основоположников учения об электричестве  |2 stltpui  |3 (RuTPU)RU\TPU\pers\56 
600 1 |a Галилей  |b Г.  |c итальянский учёный  |c один из основателей точного естествознания  |f 1564-1642  |g Галилео  |2 stltpush  |3 (RuTPU)RU\TPU\pers\94  |9 56 
600 1 |a Кеплер  |g Иоганн  |f 1571-1630  |c немецкий астроном  |b И.  |2 stltpui  |3 (RuTPU)RU\TPU\pers\412 
600 1 |a Лагранж  |g Жозеф Луи  |b Ж. Л.  |c французский математик  |c механик  |f 1736-1813  |2 stltpui  |3 (RuTPU)RU\TPU\pers\932 
600 1 |a Максвелл  |g Джеймс Клерк  |b Дж. К.  |c английский физик  |c создатель классической электродинамики  |f 1831-1879  |2 stltpui  |3 (RuTPU)RU\TPU\pers\287 
600 1 |a Ньютон  |g Исаак  |b И.  |f 1642-1726  |c английский математик  |c механик  |c астроном  |c физик  |2 stltpui  |3 (RuTPU)RU\TPU\pers\346 
600 1 |a Паскаль  |g Блез  |f 1623-1662  |b Б.  |c французский математик  |c физик  |c христианский философ  |c писатель  |2 stltpui  |3 (RuTPU)RU\TPU\pers\254 
600 1 |a Столетов  |g Александр Григорьевич  |b А. Г.  |c российский физик  |f 1893-1896  |2 stltpui  |3 (RuTPU)RU\TPU\pers\980 
600 1 |a Фарадей  |g Майкл  |b М.  |f 1791-1867  |c английский физик, химик  |2 stltpush  |3 (RuTPU)RU\TPU\pers\1366 
600 1 |a Эйлер  |g Леонард  |f 1717-1783  |b Л.  |c российский учёный швейцарского происхождения  |c математик  |c физик  |c механик  |c астроном  |2 stltpush  |3 (RuTPU)RU\TPU\pers\525 
600 1 |a Бернулли  |b Д.  |c швейцарский математик и механик  |c сын Иоганна Бернулли  |f 1700-1782  |g Даниил  |2 stltpush  |3 (RuTPU)RU\TPU\pers\13815  |9 4327 
606 1 |a Физики  |x Персоналии  |2 stltpush  |3 (RuTPU)RU\TPU\subj\67452  |9 83245 
610 1 |a физика 
610 1 |a физическая наука 
610 1 |a история 
610 1 |a биографии 
675 |a 53(092)  |v 3 
700 1 |a Голин  |b Г. М.  |g Генрих Моисеевич 
701 1 |a Филонович  |b С. Р.  |g Сергей Ростиславович 
801 0 |a RU  |b 63413507  |c 20011210  |g PSBO 
801 2 |a RU  |b 63413507  |c 20180112  |g PSBO 
942 |c BK